000 00268nam a2200109Ia 4500
008 220204s9999 xx 000 0 und d
082 _a82-1
_bSUD
100 _aSud, K N
245 0 _aSelection from Ghalib and Iqbal
260 _aNew Delhi
_bSterling
_c1978
942 _cBK
999 _c29075
_d29075